LEADER 02123nam 2200553 a 450 001 9910782152103321 005 20230721032654.0 010 $a1-281-74413-1 010 $a9786611744137 010 $a92-4-068307-0 035 $a(CKB)1000000000536491 035 $a(EBL)350208 035 $a(OCoLC)476168350 035 $a(SSID)ssj0000338176 035 $a(PQKBManifestationID)11265508 035 $a(PQKBTitleCode)TC0000338176 035 $a(PQKBWorkID)10294223 035 $a(PQKB)11629783 035 $a(MiAaPQ)EBC350208 035 $a(Au-PeEL)EBL350208 035 $a(CaPaEBR)ebr10233793 035 $a(CaONFJC)MIL174413 035 $a(EXLCZ)991000000000536491 100 $a20080903d2008 uy 0 101 0 $aeng 135 $aur|n|---||||| 181 $ctxt 182 $cc 183 $acr 200 00$aWHO report 2008$b[electronic resource] $eglobal tuberculosis control : surveillance, planning, financing 210 $aGeneva, Switzerland $cWorld Health Organization$d2008 215 $a1 online resource (304 p.) 300 $a"WHO/HTM/TB/2008.393." 311 $a92-4-156354-0 327 $aPreliminaries; Contents; Summary; Key points; Resultados fundamentales; Introduction; Chapter 1 The global TB epidemic and progress in control; Chapter 2 Implementing the Stop TB Strategy; Chapter 3 Financing TB control; Annex 1 Profi les of high burden countries; Annex 2 Methods; Annex 3 The Stop TB Strategy case reports treatment outcomes and estimates of TB burden; Annex 4 Surveys of tuberculosis infection and disease and death registrations by country and year; 330 $aWHO's twelfth annual report on global tuberculosis control in a series that started in 1997. 606 $aTuberculosis$xPrevention 606 $aTuberculosis$xResearch 615 0$aTuberculosis$xPrevention. 615 0$aTuberculosis$xResearch. 676 $a614.57 712 02$aWorld Health Organization. 801 0$bMiAaPQ 801 1$bMiAaPQ 801 2$bMiAaPQ 906 $aBOOK 912 $a9910782152103321 996 $aWHO report 2008$93784090 997 $aUNINA LEADER 01290oas 22004933 450 001 9910134791503321 005 20250530213023.0 011 $a2380-6087 035 $a(OCoLC)919090966 035 $a(CONSER) 2015202674 035 $a(CKB)3880000000004813 035 $a(EXLCZ)993880000000004813 100 $a20150824a20059999 uy a 101 0 $aeng 135 $aur||||||||||| 181 $ctxt$2rdacontent 182 $cc$2rdamedia 183 $acr$2rdacarrier 200 00$aElements 210 1$aChestnut Hill, MA :$cBoston College 300 $aRefereed/Peer-reviewed 300 $a"Boston College undergraduate research journal", 311 08$a2378-0185 517 1 $aElements undergraduate research journal 606 $aResearch$zMassachusetts$zBoston$vPeriodicals 606 $aResearch$2fast$3(OCoLC)fst01095153 607 $aMassachusetts$zBoston$2fast 608 $aPeriodicals.$2fast 615 0$aResearch 615 7$aResearch. 676 $a001.4 712 02$aBoston College. 801 0$bDLC 801 1$bDLC 801 2$bOCLCA 801 2$bZ5A 801 2$bOCLCO 801 2$bOCLCF 801 2$bSRU 801 2$bOCLCL 906 $aJOURNAL 912 $a9910134791503321 996 $aElements$91404855 997 $aUNINA